00365nam a2200145Ia 45000030006000000080041000060400015000471000056000622450019001182500006001372600041001433000006001845460012001900050017002020STCL150530s9999 xx 000 0 und d aSTCLcSTCL aBarbara Daly Metcalf;Rafiuddin Ahmed;Mushirul Hasan aIndias Muslims a1 bOxford university press, Delhic2007 a0 aEnglish20220125171457.0